Technological and structural change in the Turkish clothing industry / (Record no. 5528)
[ view plain ]
| 000 -LEADER | |
|---|---|
| fixed length control field | 00611nam a22001932 4500 |
| 001 - CONTROL NUMBER | |
| control field | 0000001932 |
| 005 - DATE AND TIME OF LATEST TRANSACTION | |
| control field | 20151217151833.0 |
| 008 - FIXED-LENGTH DATA ELEMENTS--GENERAL INFORMATION | |
| fixed length control field | 070329s xx 000 0 eng d |
| 040 ## - CATALOGING SOURCE | |
| Original cataloging agency | KABU |
| Transcribing agency | KABU |
| 050 #0 - LIBRARY OF CONGRESS CALL NUMBER | |
| Classification number | HD9940 |
| Item number | .T872D87 |
| 100 1# - MAIN ENTRY--PERSONAL NAME | |
| Personal name | Duruiz, Lale. |
| -- | 0000151043 |
| 245 10 - TITLE STATEMENT | |
| Title | Technological and structural change in the Turkish clothing industry / |
| Statement of responsibility, etc. | Lale Duruiz & Nurhan Yenturk Coban. |
| 260 ## - PUBLICATION, DISTRIBUTION, ETC. (IMPRINT) | |
| Place of publication, distribution, etc. | Istanbul : |
| Name of publisher, distributor, etc. | TSSA, |
| Date of publication, distribution, etc. | 1988. |
| 300 ## - PHYSICAL DESCRIPTION | |
| Extent | iv, 123 p. |
| 650 #0 - SUBJECT ADDED ENTRY--TOPICAL TERM | |
| Topical term or geographic name as entry element | Clothing industry |
| Geographic subdivision | Turkey. |
| -- | 0000151044 |
| 908 ## - PUT COMMAND PARAMETER (RLIN) | |
| Put command parameter | 070329 |
| 950 ## - LOCAL HOLDINGS (RLIN) | |
| -- | 1 |
| Withdrawn status | Lost status | Source of classification or shelving scheme | Not for loan | Home library | Current library | Date acquired | Total Checkouts | Full call number | Barcode | Date last seen | Price effective from | Koha item type |
|---|---|---|---|---|---|---|---|---|---|---|---|---|
| Library of Congress Classification | Kabarak, Main Campus | Kabarak, Main Campus | 17/12/2015 | HD9940 .T872D87 | 001204 | 02/08/2024 | 17/12/2015 | General Collection |